Атлас Човекът и обществото III и IV клас (Запис номер 207797)
[ съкратено ]
| 000 -Лидер | |
|---|---|
| Контролно поле с фиксирана дължина | 01981nem a2200469 a 4500 |
| 003 - Код на организацията, давaща контролен номер | |
| Контролно поле | BLK |
| 005 - Дата и час на последна редакция | |
| Контролно поле | 20240803142118.0 |
| 008 - Елементи от данни с фиксирана дължина | |
| fixed length control field | 180412b bul rap|r|||| r0| c|bulo| |
| 010 ## - Наследен системен номер | |
| LC control number | KNG00059772000 |
| 020 ## - Международен стандартен номер на книга ISBN | |
| Международен стандартен номер на книга ISBN | 954-8717-89-1 |
| 040 ## - Източник на каталожния запис | |
| Идентификатор на билиотеката - собственик на записа | BLK |
| 041 ## - Код за език | |
| Код за езика на текст/звукозапис или на отделно заглавие | Български |
| Код за езика КДБФ | Български |
| 080 ## - УДК | |
| Текстов определител УДК | Родинознание |
| УДК код - определител по УДК | 372.48 |
| УДК определител | (075.2)(084.4) |
| УДК - код + определител | 372.48(075.2)(084.4) |
| 080 ## - УДК | |
| Текстов определител УДК | Методика по природознание |
| УДК код - определител по УДК | 372.850.2 |
| УДК определител | (075.2)(084.4) |
| УДК - код + определител | 372.850.2(075.2)(084.4) |
| 100 1# - Редна дума - Автор | |
| Автор | Бандрова, Теменужка Любенова |
| Авторска отговорност | първи автор |
| R(LIN) | 36285 |
| 139 ## - Редно поле | |
| Редна дума | Свят |
| Авторски знак | Сво - С 27 |
| 245 10 - Сведения за заглавието | |
| Заглавие | Атлас Човекът и обществото III и IV клас |
| Подзаглавни данни | Уч. помагало |
| Редно поле (дума) | Теменужка Любенова Бандрова; ил. Любов Тотева; ил. Иво Калчев. |
| 257 ## - Страна на издаване | |
| Страна на създаване/издаване | България |
| 260 ## - Област на издателските данни | |
| Място на издаване, разпространение и проч. | София |
| Име на издателя, разпространителя и проч. | ДАТАМАП-Европа |
| Година на издаване | 2004 |
| Печатница | София : Лито Балкан |
| 300 ## - Физическа характеристика | |
| Страници | 40 с. |
| Илюстрации и др. | с ил. |
| Размери/Мащаб | 31 см |
| 380 ## - Жанр | |
| Жанр | Обществени науки |
| 500 ## - Общи забележки | |
| Забележка | Авт. отбелязана в библиогр. каре. - Одобрено със заповед на МОН от август 2004. - Офс. изд. - 4 000 тир. |
| 650 #4 - Допълнително описание по предмет – тема | |
| Основно описание – тема или топоним | Атласи |
| 9 (RLIN) | 147824 |
| 650 #4 - Допълнително описание по предмет – тема | |
| Основно описание – тема или топоним | Свят - атласи |
| 9 (RLIN) | 351206 |
| 650 #4 - Допълнително описание по предмет – тема | |
| Основно описание – тема или топоним | България - атласи |
| 9 (RLIN) | 258455 |
| 651 #4 - Допълнително описание по предмет - топоним | |
| Географско понятие | Свят |
| 9 (RLIN) | 179507 |
| 651 #4 - Допълнително описание по предмет - топоним | |
| Географско понятие | България |
| 9 (RLIN) | 241624 |
| 653 ## - Ключова дума – ненормативна | |
| Ключова дума | атласи |
| 653 ## - Ключова дума – ненормативна | |
| Ключова дума | учебни помагала |
| 653 ## - Ключова дума – ненормативна | |
| Ключова дума | ІІІ кл. |
| 653 ## - Ключова дума – ненормативна | |
| Ключова дума | ІV кл. |
| 700 1# - Други автори (авторска отговорност) | |
| Лично име | Тотева, Любов |
| Автороска отговорност (Описва отношението между автора и произведението) | ил. |
| 9 (RLIN) | 386449 |
| 700 1# - Други автори (авторска отговорност) | |
| Лично име | Калчев, Иво |
| Автороска отговорност (Описва отношението между автора и произведението) | ил. |
| 9 (RLIN) | 351205 |
| 710 1# - Име на организация или юридическо лице като допълнителен термин за търсене | |
| Наименование на организация или юридическо лице като редна дума | Свят |
| 9 (RLIN) | 2896 |
| 852 ## - Местоположение | |
| Форматна сигнатура | Цб Кр ІІ 380 |
| 856 4# - Електронен адрес и достъп | |
| Електронен формат | pdf - файл |
| Път до файла /url/ | |
| Инструкция (цена за достъп) | 0.00 |
| Права за достъп | disable |
| 856 4# - Електронен адрес и достъп | |
| Електронен формат | pdf - файл |
| Път до файла /url/ | |
| Инструкция (цена за достъп) | 0.00 |
| Права за достъп | disable |
| 999 ## - СИСТЕМНИ КОНТРОЛНИ НОМЕРА | |
| Koha biblionumber | 207797 |
| Koha biblioitemnumber | 207797 |
| 942 ## - АРТИКУЛИ | |
| Вид на библиотечния материал | Картографски издания |
| Скрит в OPAC | Не |
| Периодичен библиозапис | Да |
| Koha issues (borrowed), all copies | 1 |
| 944 ## - СЪЗДАВАНЕ И РЕДАКЦИЯ на ЗАПИСА | |
| Създаване/Редакция | Създаване |
| Дата на регистрацията/редакция | 06.06.2006 |
| Статус, дата на статуса | Севдалина Тодорова |
| Служител, извършил регистрацията/редакцията | 30540 |
| 944 ## - СЪЗДАВАНЕ И РЕДАКЦИЯ на ЗАПИСА | |
| Създаване/Редакция | Редакция |
| Дата на регистрацията/редакция | 14.11.2016 |
| Статус, дата на статуса | ф / |
| Служител, извършил регистрацията/редакцията | Виолета_Тройчева |
| 999 ## - СИСТЕМНИ КОНТРОЛНИ НОМЕРА | |
| Koha biblioitemnumber | 207797 |
| Код за отписване | Код за изгубен артикул | Код за повреда | Коз за рестрикции | Код за отдаване | Артикулен № | Име на библиотеката - собственик | Име на библиотеката, в която се намира в момента | Статус (Текущо местоположение) | Дата на вписване в системата | Местоположение - отдел | Цена в лева | Инвентарен номер | Систематично азбучна сигнатура | Баркод | Номер на екземпляра | Цена в евро | Служебна бележка | Служебен тип на артикула | Източник на класификационната схема |
|---|---|---|---|---|---|---|---|---|---|---|---|---|---|---|---|---|---|---|---|
| Не е изгубен | Не е повреден | без рестрикции | ползва се в читалня | 358782 | Регионална библиотека "Любен Каравелов" Русе | Регионална библиотека "Любен Каравелов" Русе | Хранилище | 2006-06-06 | Хранилище | 5.80 | 120000702803 | Цб Кр ІІ 380 | 120000702803 | 1 | 2.97 | Дост: Dp Вид: Д N: 21 Дата: 11.05.2005 | Картографски издания | ||
| Не е изгубен | Не е повреден | без рестрикции | заемане за дома | 358783 | Регионална библиотека "Любен Каравелов" Русе | Регионална библиотека "Любен Каравелов" Русе | Детски отдел | 2014-01-07 | Детски отдел | 5.80 | 120000773114 | ДН 373.3.016:9/С 27 | 120000773114 | 2 | 2.97 | Дост: DA Вид: А N: 1 Дата: 07.01.2014 Дата инв: 21.08.2015 Бележки инв: Д2015 | Картографски издания | Universal Decimal Classification |